Statistics for Headquarters of Continental Sporting Associations

Click here to take the quiz!

General Stats

  • This quiz has been taken 16 times
  • The average score is 5 of 21

Answer Stats

HintAnswer% Correct
LENNyon, Switzerland
73%
UEFANyon, Switzerland
73%
CANAJohannesburg, South Africa
55%
CAF6th of October City, Egypt
45%
OFCAuckland, New Zealand
45%
PASOMexico City, Mexico
45%
CONCACAFMiami, USA
36%
AAASingapore
36%
CAADakar, Senegal
27%
EAALausanne, Switzerland
27%
ANOCAAbuja, Nigeria
18%
EOCRome, Italy
18%
OAAGold Coast, Australia
9%
AFCKuala Lumpur, Malaysia
9%
CONMEBOLLuque, Paraguay
9%
CONSUDATLEManaus, Brazil
9%
ONOCSuva, Fiji
9%
ASUA/UANAColorado Springs, USA
0%
OCAKuwait City, Kuwait
0%
AASFMuscat, Oman
0%
NACACAASan Juan, Puerto Rico
0%

Score Distribution

Percentile by Number Answered

Percent of People with Each Score

Your Score History

You have not taken this quiz